000
00299nam a2200121Ia 4500
008
240126s9999 xx 000 0 und d
041
_a
English
245
0
_a
Sys Admin : ceased publication (2002 - Aug.2007)
260
_b
CMP Media
440
_a
NULL
650
_a
Sys,Admin,(2002,-
942
_c
JN
999
_c
253015
_d
253015